00320 2200133 4500001002100000005001500021035002000036245003500056100001500091260003600106082000800142084001400150990002200164INLIS00000000000242120250604095444 a0010-06250000071 aGema Tanah Air 1 /cH.B Jassin0 aH.B Jassin aJakarta :bBalai Pustaka,c1998 a800 a800 H.B g a995239 s/d 995243